Quiz sur le gaming est tu un vrais gameurs - Statistiques

Statistiques générales
  • Ce quiz a été pris 97 fois
  • Le résultat moyen est 7 sur 20
Statistiques - réponses
Question ? Réponse % Correct
3 Qu'elle est le plus gros jeux de rockstar games ? Grand Theft Auto V
91%
7 Comment se nomme la princesse dans Zelda ? Zelda
81%
4 Quelle jeux mario le plus vendu ? Mario Kart 8 Deluxe
65%
19 Qu'elle est l'année de sortie de Elden Ring ? 2022
59%
6 Comment se nomme le 3e personnages de gta V Michael,Trevor et ? Franklin
58%
11 Quelle est la voiture Rocket League la plus utilisée ? Octane
52%
15 Quelle est le minerai le plus rare de Minecraft ? émeraude
43%
12 Qu'elle est le joueur sur la jacket ea sport FC 26 ? Bellingham et Musiala
41%
9 Qu'elle est le personnage principal dans The Last Of Us ? Joel
37%
8 Qui est le frère d'Herobrine ? (Minecraft) Notch
32%
5 Comment se nomme l'héroïne du jeu horizon zéro dawn ? Aloy
28%
2 Quel est le jeu le plus vendu au monde en 2025 en France ? Super Mario Bros
22%
20 Comment se nomme le frère de Nathan Drake ? Samuel Drake
17%
18 Qui est le personnage principal de The Elder Scrolls V: Skyrim ? Dovahkiin
14%
14 Qu'elle est le personnage principal de Assasin's shadow ? Yasuke et Naoe
11%
17 Qui est le meilleur joueur de Valorant au monde ? Aspas
10%
16 Le skin le plus rare de Fortnite ? Écumeuse Renégate
9%
10 Quelle est la voiture la plus chère dans The Crew 2 ? Chiron
5%
1 Quel est le jeu le plus vendu au monde en 2025 aux États-Unis ? Monster Hunter Wilds
4%
13 Combien de ps5 vendu dans le monde 2024 ? 75 millions
2%
Aucun quiz correspondant
Distribution des résultats
% des personnes avec chaque résultat
Percentile par nombre de réponses
Votre historique - résultats
Vous n’avez pas pris ce quiz